000 02163nam a2200205Ia 4500
999 _c9168
_d9168
005 20230906142748.0
008 230903s9999 xx 000 0 und d
020 _a978-987-615-071-2
040 _aUPAN
_cBiblioteca San Vicente
_eRCAA2
041 _aspa
082 _a658.8
_bV536m
_c2009
100 _aVicente, Miguel Ángel
_4coord.
245 0 _aMarketing y competitividad:
_bNuevos enfoques para nuevas realidades/
_cMiguel Ángel Vicente
250 _a1° ed.
260 _aArgentina:
_bPearson,
_c2009
300 _a771 p.;
_c24 cm.
505 _aCapitulo 1: Comportamiento del consumidor y estrategias de marketing Capitulo 2: Percibir y valorar: Neurofisiología en las decisiones de consumo Capitulo 3: Información e investigación comercial Capitulo 4: La inteligencia comercial y los procesos de segmentación Capitulo 5:Armado e implementación de un plan de marketing Capitulo 6: Competitividad empresaria Capitulo 7: pensamiento estratégico: estrategia corporativa, funcional, UEN, benchmarking Capitulo 8: Estrategia competitiva Capitulo 9:Las ventas competitivas Capitulo 10: La marca Capitulo 11: Técnicas del marketing estratégico Capitulo 12:Estrategias para el portafolio de productos Capitulo 13: Marketing en la tierra media 2.0 Capitulo 14: Marketing de servicios Capitulo 15 estrategias y políticas de precios Capitulo 16: Comunicaciones integradas de marketing Capitulo 17:Percepcion y comunicación en marketing Capitulo 18: Comunicaciones e internet Capitulo 19: Auditoria de marketing y negocios Capitulo 20:Gestion de ventas: arte de lo posible Capitulo 21: Gestión de la cadena de abastecimiento Capitulo 22: Plan de distribución y logística Capitulo 23: Estrategias y técnicas aplicadas de negociación Capitulo 24:Marketing político Capitulo 25: Retail marketing global Capitulo 26: Mercandishing Capitulo 27: Un enfoque integral del marketing deportivo Capitulo 28: Category management y estrategia Capitulo 29: Marketing publico Capitulo 30: la era del fin del marketing tal como lo conocimos Capitulo 31: La relación con el cliente
650 _2LEMB
_xMercadeo
942 _cBK
_2ddc